Handbook of medical virology/ (Record no. 101517)
[ view plain ]
| 000 -LEADER | |
|---|---|
| fixed length control field | 00558cam7a220019300 4500 |
| 005 - DATE AND TIME OF LATEST TRANSACTION | |
| control field | 20190819100851.0 |
| 008 - FIXED-LENGTH DATA ELEMENTS--GENERAL INFORMATION | |
| fixed length control field | 030918 |
| 035 ## - SYSTEM CONTROL NUMBER | |
| System control number | (Sirsi) a145738 |
| 050 #0 - LIBRARY OF CONGRESS CALL NUMBER | |
| Classification number | QR 355 HAN 1983. |
| 245 10 - TITLE STATEMENT | |
| Title | Handbook of medical virology/ |
| Statement of responsibility, etc. | edited by Kaoru Hayashi. |
| 250 ## - EDITION STATEMENT | |
| Edition statement | 2nd edition. |
| 260 ## - PUBLICATION, DISTRIBUTION, ETC. | |
| Place of publication, distribution, etc. | Tokyo : |
| Name of publisher, distributor, etc. | Kindai Shuppan, |
| Date of publication, distribution, etc. | 1983. |
| 350 ## - PRICE (NR) (BK AM CF MU VM SE) [OBSOLETE] | |
| Price | 25 |
| 504 ## - BIBLIOGRAPHY, ETC. NOTE | |
| Bibliography, etc. note | Includes bibliographical references and index |
| 650 #0 - SUBJECT ADDED ENTRY--TOPICAL TERM | |
| Topical term or geographic name entry element | Medical virology |
| 650 #0 - SUBJECT ADDED ENTRY--TOPICAL TERM | |
| Topical term or geographic name entry element | Microbiology |
| 650 #0 - SUBJECT ADDED ENTRY--TOPICAL TERM | |
| Topical term or geographic name entry element | Virus diseases |
| 700 00 - ADDED ENTRY--PERSONAL NAME | |
| Personal name | Hayashi,Kaoru. |
No items available.